000
00284nam a22000977a 4500
008
150819b xxu||||| |||| 00| 0 eng d
082
_a
153.7 SEG
100
_a
SEGALL,MARSHALL.H
245
_a
THE INFLUENCE OF CULTURE ON VISUAL PERCEPTION
260
_a
NEW YORK
_b
THE BOBBS-MERRILL COMPANY
_c
1966
999
_c
166
_d
166